• 首页
  • 本馆介绍
  • 公告通知
  • 最新文献
  • 馆藏检索
  • 电子资源
  • 读者导购
  • 参考咨询
  • 我的图书馆
  • 登录
  • 详细信息显示
  • 放入我的书架
  • 预约/预借图书
  • 作者相关作品
  • 分类相关作品
  • 丛书相关作品
  • 出版社相关作品

书目信息

  • 表格格式
  • 工作单格式
  • 卡片格式
题名:
抗菌素在家畜饲养中的应用
    
 
作者: 茂勒尔 , Muller 著 ;孔惠容 译
分册:  
出版信息: 北京   化学工业出版社  1959
页数: 139页
开本: 21cm
丛书名:
单 册:
中图分类: S816.73
科图分类:
主题词: 饲料添加剂--抗菌素--应用
电子资源:
ISBN: 15063.0502
000 00848cam0 2200265 450
001 0105456685
005 20080122144319.0
010    @a15063.0502@dCNY0.71
091    @a15063.0502@dCNY0.71
100    @a19960502d1959 em y0chiy0110 ea
101 1  @achi@ccze
102    @aCN@b110000
105    @af z 000yy
106    @ar
200 1  @a抗菌素在家畜饲养中的应用@9Kang Jun Su Zai Jia;Jie Xu;Chu Si Yang Zhong De;Di Ying Yong @f(捷)斯德涅克·茂勒尔(Muller,Z.)著@g孔惠容译@b专著
210    @a北京@c化学工业出版社@d1959
215    @a139页@c图表@d21cm
300    @a据1956年捷文版译出
606 0  @a饲料添加剂@x抗菌素@x应用
690    @aS816.73@v3
701  1 @a茂勒尔@9mao le er@bZ.@f捷@4著
701  1 @aMuller@bZ.@f捷@4著
702  0 @a孔惠容@9kong hui rong@4译
801  0 @aCN@b上海图书馆@c19970403
905    @aBZT@dS816.73@e2@f2@sS816.73/2
    
    抗菌素在家畜饲养中的应用/(捷)斯德涅克·茂勒尔(Muller,Z.)著/孔惠容译.-北京:化学工业出版社,1959
    139页:图表;21cm
    据1956年捷文版译出
    
    ISBN 15063.0502:CNY0.71
    
●
相关链接 在五车中查询图书 在当当中查询图书 在豆瓣中查询图书


正题名:抗菌素在家畜饲养中的应用     索取号:S816.73/2         预约/预借

序号 登录号 条形码 馆藏地/架位号 状态 备注
1 2000083216   2000083216   旧书回溯/ [索取号:S816.73/2] 在馆    
2 2000083217   2000083217   旧书回溯/ [索取号:S816.73/2] 在馆    
山东省滨州职业学院图书馆 欢迎您!
大连网信软件有限公司© 版权所有